Právne aspekty pohľadávok

Definícia termínu pohľadávka. Disponovanie s pohľadávkami. Postúpenie, kapitalizácia pohľadávky. Zabezpečenie záväzku prevodom práva.

Na minha lista:
Detalhes bibliográficos
Autor principal: Chorvátová, Janka
Formato: Capítulo de Livro
Idioma:eslovaco
Assuntos:
Tags: Adicionar Tag
Sem tags, seja o primeiro a adicionar uma tag!

MARC

LEADER 00000naa a2200000 4500
001 r049385
005 20231003105008.9
041 0 |a slo 
044 |a SK 
245 1 0 |a Právne aspekty pohľadávok  |c Janka Chorvátová 
520 |a Definícia termínu pohľadávka. Disponovanie s pohľadávkami. Postúpenie, kapitalizácia pohľadávky. Zabezpečenie záväzku prevodom práva. 
610 2 0 |a pohľadávky 
610 2 0 |a právo 
100 1 |a Chorvátová, Janka